Loading...

Ayodhyayilekku ethilae /

Bibliographic Details
Main Author: Sreedharan, Perumbadavam
Format: Printed Book
Language:Malayalam
Published: Kollam : Sankeerthanam, 2009.
Subjects:
LEADER 00592 a2200157 4500
008 130412b xxu||||| |||| 00| 0 mal d
999 |c 98294  |d 98294 
082 |a 854.63S1 
100 |a Sreedharan, Perumbadavam. 
245 |a Ayodhyayilekku ethilae /  |c Perumbadavam Sreedharan. 
260 |a Kollam :  |b Sankeerthanam,  |c 2009. 
300 |a 159p. ;  |c 22 cm. 
546 |a in malayalam. 
650 |a Malayalam essays  |x Perumbadavam Sreedharan 
942 |c BK 
952 |0 0  |1 0  |4 0  |6 854_000000000000000_63S1_AYO_M  |7 0  |9 97730  |a UL  |b UL  |c ST1  |d 2013-01-31  |e 2  |g 77.00  |l 9  |o 854.63S1 AYO M  |p 87983  |r 2017-03-18  |s 2017-02-16  |v 110.00  |y BK